Organs without Bodies : On Deleuze and Consequences /

Obra que interpreta el pensamiento de Gilles Deleuze (1925-1995), filósofo francés iconoclasta con raigambre en el postestructuralismo. El autor parte del análisis del devenir deleuziano frente al ser para después articularlo con algunas nociones que han sido tratadas desde Deleuze como el psicoanál...

詳細記述

保存先:
書誌詳細
第一著者: Žižek, Slavoj (autor)
フォーマット: 図書
言語:英語
出版事項: Nueva York, EUA : Routledge, 2004, c2004
主題:
タグ: タグ追加
タグなし, このレコードへの初めてのタグを付けませんか!

MARC

LEADER 00000nam^a2200000^a^4500
001 000170607
005 20250521000000.0
009 20260310101317.391
020 |a 0-415-96921-2 
037 |a Acervo ITESO - Biblioteca 
041 |a ING 
082 |a 149. 96  |b ZIZ OBR ORG 
100 |a Žižek, Slavoj  |e (autor) 
240 1 1 |a [Organos sin cuerpo: sobre Deleuze y consecuencias] 
245 1 0 |a Organs without Bodies :  |b On Deleuze and Consequences /  |c S. Žižek. 
264 4 |a Nueva York, EUA :  |b Routledge,  |c 2004, c2004 
300 |a XII, 217 p. 
336 |a texto  |b txt  |2 rdacontenido 
337 |a sin mediación  |b n  |2 rdamedio 
338 |a volumen  |b nc  |2 rdasoporte 
520 |a Obra que interpreta el pensamiento de Gilles Deleuze (1925-1995), filósofo francés iconoclasta con raigambre en el postestructuralismo. El autor parte del análisis del devenir deleuziano frente al ser para después articularlo con algunas nociones que han sido tratadas desde Deleuze como el psicoanálisis y el cognitivismo, el cine y la percepción, y la política cultural. 
649 |a XX 
650 |a Filósofos Franceses 
650 |a Filósofos Alemanes 
650 |a Devenir 
650 |a Constructivismo 
650 |a Psicología Cognitiva 
650 |a Estética 
650 |a Etica 
650 |a Cine -  |x Historia y Crítica 
650 |a Política Cultural 
650 |a Psicoanálisis y Sociedad 
650 |a Modernidad y Posmodernidad 
650 |a Idealismo -  |x Historia y Crítica 
650 |a Estructuralismo y Postestructuralismo -  |x Historia y Crítica 
650 |a Estructuralismo y Postestructuralismo 
650 |a Filosofía del Siglo XX -  |x Historia y Crítica 
650 |a Filosofía Francesa -  |x Historia y Crítica 
650 |a Filosofía Eslovena 
650 |a Deleuze, Gilles -  |x Tema Principal 
600 |a Hegel, Friedrich 
910 |a Fondo General 
920 |a Impresos - Libros 
930 |a Colección General 
905 |a 101 
901 |a 0500107743  |b IT1  |c ACC  |u 20250521 
902 |a https://opac.biblio.iteso.mx/vufind/Record/000170607